00297nam a2200121Ia 45000030006000000080041000060400015000471000034000622450041000962600009001375460012001460050017001580STCL150530s9999 xx 000 0 und d aSTCLcSTCL aBanergi, S.K.; Jain, B.B.; Ed aChaucer prologue to canterbury tales c1977 aEnglish20220125170919.0